L'écriture thérapeutique (notice n° 1512428)

détails MARC
000 -LEADER
fixed length control field 01618cam a2200133 4500500
005 - DATE AND TIME OF LATEST TRANSACTION
control field 20251012001311.0
041 ## - LANGUAGE CODE
Language code of text/sound track or separate title fre
042 ## - AUTHENTICATION CODE
Authentication code dc
100 10 - MAIN ENTRY--PERSONAL NAME
Personal name Jay, Emmanuelle
Relator term author
245 00 - TITLE STATEMENT
Title L'écriture thérapeutique
260 ## - PUBLICATION, DISTRIBUTION, ETC.
Name of publisher, distributor, etc. érès,<br/>
Date of publication, distribution, etc. 2025.<br/>
520 ## - SUMMARY, ETC.
Summary, etc. En quoi consiste une psychothérapie par l’écriture ? Qui écrit, pourquoi et comment ? Emmanuelle Jay nous ouvre les portes de son cabinet où elle reçoit en séance individuelle des personnes qui viennent suivre une thérapie par l’écriture. « L’écriture est, pour celles et ceux que j’accompagne et pour moi la thérapeute, une compagne, un miroir, un refuge, un sac de frappe, une alliée, une mélodie, un oreiller, un baume, une surprise, une joie. » À partir de son expérience clinique et d’un travail de recherche sur l’écriture, le rêve et l’inconscient, elle raconte comment l’écriture peut surprendre, bouleverser et transformer la souffrance psychique chez les patients. « Promenons-nous dans les mots puisque l’écriture est un chemin, une voie d’accès à notre intimité la plus souterraine, celle à laquelle on accède habituellement par les rêves. Promenons-nous dans les mots puisque l’écriture nous offre un passage dans la forêt du langage, avec ses bosquets touffus de verbes obscurs et ses clairières de métaphores prometteuses. Promenons-nous dans les mots pour mieux nous comprendre et accompagner celles et ceux qui souhaitent se transformer par la voie du stylo. »
856 41 - ELECTRONIC LOCATION AND ACCESS
Uniform Resource Identifier <a href="https://shs.cairn.info/l-ecriture-therapeutique--9782749283791?lang=fr&redirect-ssocas=7080">https://shs.cairn.info/l-ecriture-therapeutique--9782749283791?lang=fr&redirect-ssocas=7080</a>

Pas d'exemplaire disponible.

PLUDOC

PLUDOC est la plateforme unique et centralisée de gestion des bibliothèques physiques et numériques de Guinée administré par le CEDUST. Elle est la plus grande base de données de ressources documentaires pour les Étudiants, Enseignants chercheurs et Chercheurs de Guinée.

Adresse

627 919 101/664 919 101

25 boulevard du commerce
Kaloum, Conakry, Guinée

Réseaux sociaux

Powered by Netsen Group @ 2025